000 00800nas a2200289 4500
001 BR7901303
003 BR-BrBNA
005 20231205083648.0
007 ta
008 230509b bl.|||p| |||| 00| 00por d
040 _aBR-BrBNA
_bpor
_cBiblioteca Nacional de Agricultura
041 _a(Pt)
072 _aF60; F00
100 1 _aBovi, M.L.A.
100 1 _aCardoso, M.
245 1 _aConservacao de sementes de palmiteiro (Euterpe edulis Mart.)[acai]
650 _aFISIOLOGIA VEGETAL
650 _aACAI
650 _aPODER GERMINATIVO
650 _aUMIDADE
650 _aSEMENTE
650 _aARMAZENAMENTO
650 _aCONSERVACAO
773 0 _tBragantia (Brazil)
_xISSN 0006-8705
_g(1978), v. 37 7 p.
_wBR7901303
909 _a202311
_bLúcia
_c55
_dLúcia Elande
942 _2AGRIS
_n0
_cANA
999 _c100395
_d100395